01470nam a2200445 i 450000100060000000300090000600500170001500800390003202000150007104000360008604100080012204600090013008000150013908000150015408000120016924500960018125000310027726000340030830000210034233600270036333700530039033800280044338000160047138000270048738500390051438800100055349000200056350400390058365000370062265000410065965100110070065500300071165500190074165800340076065800370079470000350083171000300086683000300089685600980092652114KOSZ 00520210902131432.0070809s2006 pl f f |000 0 pol a8388840630 cKOSZ 005aKOSZ 005dKOSZ 005/HR0 apol k2006 a347.2(438) a332.7(438) a(075.8)00aWprowadzenie do zarządzania nieruchomością :bpraca zbiorowa /cpod red. Marka Bryxa. aWyd. 2 zm., rozsz. i uzup. aWarszawa :b"Poltext",c2006. a292 s. ;c24 cm. 2rdacontentaTekstbtxt 2rdamediaaBez urządenia pośredniczącegobn 2rdacarrieraWoluminbnc aKsiążki aPublikacje dydaktyczne mPoziom nauczaniaaSzkoły wyższe a2001-1 aNieruchomości aBibliogr., wykaz aktów prawnych. 7aZarządzanie nieruchomościami 7aPrawo gospodarki nieruchomościami  7aPolska 7aPodręczniki akademickie 7aPraca zbiorowa aGospodarka, ekonomia, finanse aPrawo i wymiar sprawiedliwości1 aBryx Marekd(1953- )eRedakcja2 aWydawnictwo Poltext4pbl. aNieruchomości - Poltext uhttp://koha.tu.koszalin.pl/cgi-bin/koha/opac-detail.pl?biblionumber=52114yKatalog online BPK